Acquisti più costosi - La Liga - Statistics

Statistiche generali
  • Questo quiz è stato fatto 40 volte
  • Il punteggio medio è 17 su 20
Statistiche sulle risposte
Costo (M €) Da A Nazione Anno Calciatore % Corretto
88 Santos Barcellona Brasile 2013 Neymar
100%
101 Tottenham Real Madrid Galles 2013 Gareth Bale
97%
69,50 Inter Barcellona Svezia 2009 Zlatan Ibrahimović
97%
120 Atletico Madrid Barcellona Francia 2019 Antoine Griezmann
94%
127,20 Benfica Atletico Madrid Portogallo 2019 João Félix
94%
77,50 Juventus Real Madrid Francia 2001 Zinédine Zidane
94%
94 Manchester United Real Madrid Portogallo 2009 Cristiano Ronaldo
91%
86 Ajax Barcellona Paesi Bassi 2019 Frankie de Jong
91%
81,72 Liverpool Barcellona Uruguay 2014 Luis Suárez
91%
60 Juventus Barcellona Bosnia 2020 Miralem Pjanic
91%
140 Borussia Dortmund Barcellona Francia 2017 Ousmane Dembelè
91%
115 Chelsea Real Madrid Belgio 2019 Eden Hazard
89%
135 Liverpool Barcellona Brasile 2018 Philippe Coutinho
86%
80 Monaco Real Madrid Francia 2022 Aurélien Tchouameni
83%
60 Barcellona Real Madrid Portogallo 2000 Luís Figo
80%
75 Monaco Real Madrid Colombia 2014 James Rodriguez
77%
67 Milan Real Madrid Brasile 2009 Kakà
74%
63 Eintracht Francoforte Real Madrid Serbia 2019 Luka Jović
74%
60 Chelsea Atletico Madrid Brasile/Spagna 2018 Diego Costa
60%
72 Monaco Atletico Madrid Francia 2018 Thomas Lemar
49%
Nessun quiz corrispondente trovato
Distribuzione punteggi
Percentuale di utenti per punteggio
Percentile per numero di risposta
I tuoi punteggi nel tempo
Non hai fatto questo quiz